000 00553nam a2200229Ia 4500
003 OSt
005 20221005132359.0
006 a|||||r|||| 00| 0
007 ta
008 221004b |||||||| |||| 00| 0 mal d
024 _a61606
037 _cTextual
040 _aCRL
_cCRL
_bmal
041 _2mal
_amal
082 _aWwN, 32J4
100 _aVarkey Au.
_9624666
245 0 _aThoolika chitrangal
260 _c1954
650 _aPOLITICAL SCIENCE
942 _hWwN, 32J4
_cTEXL
_2cc
999 _c1063444
_d1063444